000 00697nam a2200229Ia 4500
001 16925
003 GE_BSU
008 181216s||||||||xx |||||||||||||| ||und||
040 _cGE_BSU
080 _a821.161.1-32
100 _aტურგენევი, ივანე
245 _aმყუდრო ადგილი
245 _bმოთხრობები
245 _cთარგმნა ნ. ქუჩუკაშვილმა
260 _aთბილისი
260 _bნაკადული
260 _c1967
300 _a341გვ. ; 19სმ
653 _aმოთხრობები
653 _aმყუდრო ადგილი
942 _cBK
999 _c49989
_d49989